Les Tableaux du prime #1 - Star Académy 2024 - Statistiques

Statistiques générales
  • Ce quiz a été pris 209 fois
  • Le résultat moyen est 24 sur 43
Statistiques - réponses
Réponse % Correct
Académiciens Marine
96%
Académiciens Ebony
95%
Académiciens Ulysse
94%
Académiciens Charles
91%
Académiciens Thomas
91%
Académiciens Emma
90%
Académiciens Franck
90%
Académiciens Maureen
90%
Académiciens Noah
90%
Académiciens Maia
88%
Académiciens Maylis
88%
Académiciens Masséo
87%
Académiciens Marguerite
86%
Académiciens Paul
86%
Académiciens Julie
82%
Interprète original Pierre Garnier
69%
Chansons Happy
62%
Chansons Les yeux de la mama
61%
Chansons Ceux qu'on était
60%
Chansons Nous on sait
58%
Interprète original Céline Dion / Robert Charlebois
56%
Interprète original Céline Dion
54%
Interprète original Kendji Girac
54%
Chansons Ordinaire
53%
Interprète original Daniel Balavoine
46%
Chansons Ne partez pas sans moi
46%
Chansons Tous les cris les SOS
46%
Interprète original Pharrell Williams
44%
Interprète original Florent Pagny
39%
Chansons Beggin
37%
Interprète original Patrick Fiori
37%
Chansons J'y vais
35%
Interprète original Elton John
31%
Chansons Pile ou face
30%
Chansons La symphonie des éclairs
29%
Chansons Nightcall
27%
Interprète original Zaho de Sagazan
27%
Chansons Flashdance / What a feeling
21%
Interprète original Kavinsky
21%
Chansons Your song
18%
Interprète original Corynne Charby
13%
Interprète original Irene Cara
13%
Interprète original The Four Seasons
6%
Aucun quiz correspondant
Distribution des résultats
% des personnes avec chaque résultat
Percentile par nombre de réponses
Votre historique - résultats
Vous n’avez pas pris ce quiz